Transplanting international courts : (Record no. 6266)

MARC details
000 -LEADER
fixed length control field 01451cam a2200409Mi 4500
001 - CONTROL NUMBER
control field on1109148178
003 - CONTROL NUMBER IDENTIFIER
control field TZ-ArACH
005 - DATE AND TIME OF LATEST TRANSACTION
control field 20230506141031.0
008 - FIXED-LENGTH DATA ELEMENTS--GENERAL INFORMATION
fixed length control field 190618s2019 enk 000 0 eng d
020 ## - INTERNATIONAL STANDARD BOOK NUMBER
International Standard Book Number 9780198838807
020 ## - INTERNATIONAL STANDARD BOOK NUMBER
International Standard Book Number 0198838808
020 ## - INTERNATIONAL STANDARD BOOK NUMBER
International Standard Book Number 9780199680788
020 ## - INTERNATIONAL STANDARD BOOK NUMBER
International Standard Book Number 0199680787
035 ## - SYSTEM CONTROL NUMBER
System control number (OCoLC)1109148178
040 ## - CATALOGING SOURCE
Original cataloging agency DEBBG
Language of cataloging ger
Description conventions rda
Transcribing agency TZ-ArACH
049 ## - LOCAL HOLDINGS (OCLC)
Holding library TZAA
050 #4 - LIBRARY OF CONGRESS CALL NUMBER
Classification number KG736
Item number .A49 2017
100 1# - MAIN ENTRY--PERSONAL NAME
Personal name Alter, Karen J.
Relator term Verfasser.
Relator code aut
245 10 - TITLE STATEMENT
Title Transplanting international courts :
Remainder of title the law and politics of the Andean tribunal of justice /
Statement of responsibility, etc Karen J. Alter, Laurence R. Helfer.
250 ## - EDITION STATEMENT
Edition statement First published in paperback.
260 ## - PUBLICATION, DISTRIBUTION, ETC. (IMPRINT)
Place of publication, distribution, etc Oxford (UK);
Name of publisher, distributor, etc Oxford University Press;
Date of publication, distribution, etc 2017.
300 ## - PHYSICAL DESCRIPTION
Extent xxiv, 308 Seiten
Dimensions 23 cm
490 0# - SERIES STATEMENT
Series statement International courts and tribunals series
504 ## - BIBLIOGRAPHY, ETC. NOTE
Bibliography, etc Bibliography and index
610 20 - SUBJECT ADDED ENTRY--CORPORATE NAME
Corporate name or jurisdiction name as entry element Tribunal de Justicia del Acuerdo de Cartagena.
610 27 - SUBJECT ADDED ENTRY--CORPORATE NAME
Corporate name or jurisdiction name as entry element Tribunal de Justicia del Acuerdo de Cartagena.
Source of heading or term fast
610 27 - SUBJECT ADDED ENTRY--CORPORATE NAME
Corporate name or jurisdiction name as entry element Tribunal de Justicia del Acuerdo de Cartagena
Miscellaneous information Quito
Source of heading or term gnd
630 00 - SUBJECT ADDED ENTRY--UNIFORM TITLE
Uniform title Cartagena Agreement
Date of treaty signing (1969)
630 07 - SUBJECT ADDED ENTRY--UNIFORM TITLE
Uniform title Cartagena Agreement (1969)
Source of heading or term fast
650 #0 - SUBJECT ADDED ENTRY--TOPICAL TERM
Topical term or geographic name as entry element Courts
Geographic subdivision Andes Region.
650 #7 - SUBJECT ADDED ENTRY--TOPICAL TERM
Topical term or geographic name as entry element Courts.
Source of heading or term fast
650 #7 - SUBJECT ADDED ENTRY--TOPICAL TERM
Topical term or geographic name as entry element Politics and government.
Source of heading or term fast
651 #0 - SUBJECT ADDED ENTRY--GEOGRAPHIC NAME
Geographic name Andes Region
General subdivision Politics and government.
651 #7 - SUBJECT ADDED ENTRY--GEOGRAPHIC NAME
Geographic name Andes Region.
Source of heading or term fast
700 1# - ADDED ENTRY--PERSONAL NAME
Personal name Helfer, Laurence R.
Relator term Verfasser.
Relator code aut
942 ## - ADDED ENTRY ELEMENTS (KOHA)
Source of classification or shelving scheme Library of Congress Classification
Koha item type Books
Holdings
Home library Current library Date acquired Full call number Barcode Koha item type
African Court on Human and Peoples' Rights Library African Court on Human and Peoples' Rights Library 06/05/2023 KG736 .A49 2017 10191496 Books
African Court on Human and Peoples' Rights Library African Court on Human and Peoples' Rights Library 06/05/2023 KG736 .A49 2017 10191488 Books

African Court on Human and Peoples' Rights | For Inquiries Contact » +255 272 510 510